Poesía completa / (Record no. 182971)

MARC details
000 -LEADER
campo de control de longitud fija 01135nam a2200265 i 4500
001 - NÚMERO DE CONTROL
campo de control 182971
003 - IDENTIFICADOR DE NÚMERO DE CONTROL
campo de control ES-MaACL
005 - FECHA Y HORA DE LA ÚLTIMA TRANSACCIÓN
campo de control 20240519063027.0
008 - DATOS DE LONGITUD FIJA--INFORMACIÓN GENERAL
campo de control de longitud fija 140108s2010 sp | |||||||| | spa d
020 ## - NÚMERO INTERNACIONAL ESTÁNDAR DEL LIBRO
Número Internacional Estándar del Libro 978-84-8108-476-4
080 ## - NÚMERO DE LA CLASIFICACIÓN DECIMAL UNIVERSAL
Número de la Clasificación Decimal Universal 821.134.2-14"19"
100 0# - ENTRADA PRINCIPAL--NOMBRE DE PERSONA
Nombre de persona Egea, Julio Alfredo,
Fechas asociadas al nombre 1926-2018
9 (RLIN) 46706
245 10 - MENCIÓN DEL TÍTULO
Título Poesía completa /
Mención de responsabilidad, etc. Julio Alfredo Egea ; estudio preliminar de Francisco Jiménez Martínez.
260 ## - PUBLICACIÓN, DISTRIBUCIÓN, ETC.
Lugar de publicación, distribución, etc. [Almería] :
Nombre del editor, distribuidor, etc. Instituto de Estudios Almerienses,
Fecha de publicación, distribución, etc. 2010.
300 ## - DESCRIPCIÓN FÍSICA
Extensión 2 v. (1254 p.) ;
Dimensiones 21 cm.
490 1# - MENCIÓN DE SERIE
Mención de serie Colección Letras ;
Designación de volumen o secuencia n. 39
700 1# - ENTRADA AGREGADA--NOMBRE PERSONAL
Nombre de persona Jiménez Martínez, Paco.
9 (RLIN) 153375
830 0# - PUNTO DE ACCESO ADICIONAL DE SERIE-TÍTULO UNIFORME
Título uniforme Colección Letras ;
Designación de volumen o secuencia n. 39
9 (RLIN) 191854
852 ## - LOCALIZACIÓN
Ubicación ES-MaACL
Número de control de estantería A-12936
Designación de la unidad física v.1
itemnumber 189904
Sublocalización o colección R.149734
Ubicación en estantería Depósito 1
Signatura antigua Olim: N-5936
Encuadernación Donación: Julio Alfredo Egea
852 ## - LOCALIZACIÓN
Ubicación ES-MaACL
Número de control de estantería A-12938
Designación de la unidad física v.3
itemnumber 200714
Sublocalización o colección R.149735
Ubicación en estantería Depósito 1
Signatura antigua Olim: N-5938
Encuadernación Donación: Julio Alfredo Egea
852 ## - LOCALIZACIÓN
Ubicación ES-MaACL
Número de control de estantería A-12937
Designación de la unidad física v.2
itemnumber 200713
Sublocalización o colección R.149734
Ubicación en estantería Depósito 1
Signatura antigua Olim: N-5937
Encuadernación Donación: Julio Alfredo Egea
903 ## - NOMBRE PERSONAL DE DONANTE
a Egea, Julio Alfredo,
d 1926-2018
e Donante
9 46706
942 ## - ELEMENTOS DE ENTRADA SECUNDARIOS (KOHA)
Fuente del sistema de clasificación o colocación Clasificación decimal universal
Tipo de ítem Koha Libro impreso
Holdings
Estatus retirado Estado de pérdida Fuente del sistema de clasificación o colocación Estado de daño No para préstamo Biblioteca de origen Biblioteca actual Ubicación en estantería Fecha de adquisición Fuente de adquisición Enumeración/cronología de publicación seriada Total de préstamos Signatura topográfica completa Código de barras Visto por última vez Precio de reemplazo Tipo de ítem Koha
    Clasificación decimal universal     Biblioteca del Ateneo de Madrid Biblioteca del Ateneo de Madrid Depósito 1 08/01/2014 Donación v.1   A-12936 1192306 23/02/2023 23/02/2023 Libro impreso
    Clasificación decimal universal     Biblioteca del Ateneo de Madrid Biblioteca del Ateneo de Madrid Depósito 1 08/01/2014 Donación v.2   A-12937 101206001 28/10/2023 23/02/2023 Libro impreso
    Clasificación decimal universal     Biblioteca del Ateneo de Madrid Biblioteca del Ateneo de Madrid Depósito 1 08/01/2014 Donación v.3   A-12938 101206002 28/10/2023 23/02/2023 Libro impreso